Medzinárodná migrácia ako problém súčasných globalizačných procesov bakalárska práca

Gespeichert in:
Bibliographische Detailangaben
1. Verfasser: Očenášová, Kristína
Körperschaft: Obchodná fakulta EU. Katedra medzinárodného obchodu
Weitere Verfasser: Vargová, Andrea
Format: Buch
Sprache:Slowakisch
Veröffentlicht: Bratislava 2015
Tags: Tag hinzufügen
Keine Tags, Fügen Sie das erste Tag hinzu!

MARC

LEADER 00000nbm a2200000 4500
001 0203215
005 20161212105354.9
041 0 |a slo 
044 |a SK 
245 1 0 |a Medzinárodná migrácia ako problém súčasných globalizačných procesov  |b bakalárska práca  |c Kristína Očenášová ; školiteľ: Andrea Vargová 
264 1 |a Bratislava  |c 2015 
300 |a 57 s. 
100 1 |a Očenášová, Kristína 
700 1 |a Vargová, Andrea 
710 2 |a Obchodná fakulta EU. Katedra medzinárodného obchodu